|
|
|
|
| LEADER |
00000cam a2200000 7i4500 |
| 001 |
0000003846 |
| 005 |
20220105103953.0 |
| 008 |
070720 |
| 020 |
|
|
|a 0709713398
|
| 090 |
0 |
0 |
|a JP
|b FT ENG (5084)
|
| 100 |
1 |
|
|a Spurgeon,Maureen
|
| 245 |
1 |
0 |
|a Goodnight stories
|c Maureen Spurgeon
|
| 260 |
|
|
|a England :
|b Brown Watson ,
|c 2005
|
| 440 |
|
|
|a Easy to read
|
| 500 |
|
|
|a Children age 4-6 years old (yellow)
|
| 650 |
|
0 |
|a Fairy tales
|x Fiction
|
| 999 |
|
|
|a 0000010589
|b Book
|c Children Collection
|e Cawangan Taman Universiti
|
| 999 |
|
|
|a 0000010591
|b Book
|c Children Collection
|e Cawangan Taman Universiti
|
| 999 |
|
|
|a 0000972092
|b Book
|c Children Collection
|e Perbadanan Perpustakaan Awam Johor
|
| 999 |
|
|
|a 0000972093
|b Book
|c Children Collection
|e Perbadanan Perpustakaan Awam Johor
|
| 999 |
|
|
|a 0000972094
|b Book
|c Children Collection
|e Perbadanan Perpustakaan Awam Johor
|
| 999 |
|
|
|a 0000972095
|b Book
|c Children Collection
|e Perbadanan Perpustakaan Awam Johor
|
| 999 |
|
|
|a 0000972096
|b Book
|c Children Collection
|e Perbadanan Perpustakaan Awam Johor
|
| 999 |
|
|
|a 0001145809
|b Book
|c Children Collection
|e Cawangan Bandar Penawar
|